000 00644nam a2200229Ia 4500
003 OSt
005 20230327104733.0
008 210423s2007 xx 000 0 und d
020 _a9780761935971
040 _cAL
041 _aeng
082 _a333.7 SINK
100 _aSINGH (Katar);SHISHODIA (Anil)
_978164
245 _aEnvironmental economics: theory and applications
260 _aNew Delhi
_bSage Publications
_c2007
300 _a423
_bPB
365 _b350
_cINR
650 _aEconomics
_978165
650 _aNatural Resources & Energy
_978166
906 _aapplications ; economics: ; Environmental ; theory
942 _2ddc
_cBK
999 _c156062
_d156062